Normal view
MARC view
- MS-EPE Thesis
Entry Topical Term
001 - CONTROL NUMBER
- control field: 116632
003 - CONTROL NUMBER IDENTIFIER
- control field: NUST
005 - DATE AND TIME OF LATEST TRANSACTION
- control field: 20230912170015.0
008 - FIXED-LENGTH DATA ELEMENTS
- fixed length control field: 230912|| aca||aabn | a|a d
040 ## - CATALOGING SOURCE
- Original cataloging agency: NUST
- Transcribing agency: NUST
150 ## - HEADING--TOPICAL TERM
- Topical term or geographic name entry element: MS-EPE Thesis
670 ## - SOURCE DATA FOUND
- Source citation: Work cat.: (NUST): Muhammad Taimoor Talat (00000206678) 116631, Pseudo Random Binary Sequence Technique for Li-ion Cell Parameter Extraction /, 2021
